header

Aspects of complexity (Record no. 108897)

MARC details
000 -LEADER
fixed length control field 01476nam a2200349Ia 4500
082 04 - DEWEY DECIMAL CLASSIFICATION NUMBER
Classification number 511.3
245 00 - TITLE STATEMENT
Title Aspects of complexity
260 ## - PUBLICATION, DISTRIBUTION, ETC. (IMPRINT)
Place of publication Berlin ;
-- New York :
Name of publisher Walter de Gruyter,
Year of publication 2001.
300 ## - PHYSICAL DESCRIPTION
Number of Pages vi, 169 p. :
Other physical details ill.
490 0# - SERIES STATEMENT
Series statement De Gruyter series in logic and its applications ;
650 #0 - SUBJECT ADDED ENTRY--TOPICAL TERM
Topical Term Computational complexity
Topical Term Machine theory
700 1# - ADDED ENTRY--PERSONAL NAME
Personal name Downey, R. G.
Personal name Hirschfeldt, Denis Roman.
856 40 - ELECTRONIC LOCATION AND ACCESS
Uniform Resource Identifier http://site.ebrary.com/lib/rucke/Doc?id=10597936

No items available.

© 2026 Rongo University
Contact us: librarian | system librarian | Rongo university